Europe: That Doesn't Border Russia! Quiz Stats

 Plays Quiz Updated Jul 2, 2017

Challenge
Share
Tweet
Embed
Score 0/39 Timer 05:00
5 Plays Today
Hint Country % Correct
???
83.5%
???
81%
???
79.9%
???
77%
???
74.6%
???
74.2%
???
72.1%
???
65.8%
???
65.4%
???
64.7%
???
64%
???
63.8%
???
62.7%
???
62.1%
???
60%
???
59.6%
???
59.6%
???
59.3%
???
56.3%
???
55.9%
Hint Country % Correct
???
54.7%
???
53.7%
???
53.5%
???
52.8%
???
52.5%
???
52.5%
???
52.3%
???
52.2%
???
51.8%
???
51.1%
Make Mine a Vodka???
48.5%
???
48.4%
???
48.3%
???
47.1%
???
47.1%
???
46.2%
???
45.2%
???
45.1%
???
41.6%

You're not logged in!

Compare scores with friends on all Sporcle quizzes.
OR
Log In

You Might Also Like...

Show Comments

Extras

Top Quizzes Today


Score Distribution

Your Account Isn't Verified!

In order to create a playlist on Sporcle, you need to verify the email address you used during registration. Go to your Sporcle Settings to finish the process.

Report this User

Report this user for behavior that violates our Community Guidelines.

Details: